00766cam a2200205 i 45000010009000000050017000090080041000260100017000670200021000840410008001050800017001132450104001302500020002342640082002543000054003366530029003906530035004197000051004547000055005051779064920221107120121.0130621s2014 paua b 001 0 eng  a 2013025390 a9781451144574 X aeng a615.849 R-1300aRadiology 101 :bbasics and fundamentals of imaging /ceditors, Wilbur L. Smith, Thomas A. Farrell. aFourth edition. 1aPhiladelphia :bWolters Kluwer / Lippincott Williams & Wilkins Health,c2014. a407 pages :billustrations (some color) ;c28 cm. aმედიცინა aრადიოლოგია1 aSmith, Wilbur L.,eრედაქტორი1 aFarrell, Thomas A.c eრედაქტორი